| 000 | 00627nam a22002057a 4500 | ||
|---|---|---|---|
| 001 | T027600002290 | ||
| 008 | 181111b xve|||||r|||| 00| | esp d | ||
| 020 | _a980-03-03-03-0 | ||
| 099 |
_a900 _bS228 _cCota Rep. 1 |
||
| 100 | _aSanoja, Mario | ||
| 245 | _aOrígenes de Venezuela. Regiones geohistoricas aborígenes hasta 1500 d.c. | ||
| 260 | _a1999 | ||
| 300 | _a217 | ||
| 500 | _a | ||
| 650 | _aRaíces históricas de la nación. | ||
| 650 | _aEl manejo político de la historia indígena de Venezuela. | ||
| 650 | _aLa región geohistórica del noreste de Venezuela. | ||
| 700 |
_aVargas Iraida. _e |
||
| 942 | _cLIB | ||
| 999 |
_c3444 _d3444 |
||